000 00796nam a2200265Ia 4500
003 OSt
005 20220928123140.0
006 a|||||r|||| 00| 0
007 ta
008 220927b |||||||| |||| 00| 0 hin d
020 _cIndian Rupees 1995.00
024 _a140553
037 _bGift, 26/04/2019,
_cTextual
040 _aSDCL
_cSDCL
_bhin
041 _2hin
_ahin
082 _aV2:191'P, Q3
100 _aTirpati Amitav Ed.
_9460530
245 0 _aIndia quarterly ke sarvshreshth (1945-2010)
260 _aNew Delhi
_bPentagon Press
_c2013
300 _axix,512p.
_ccm.
650 _aGift
_9391569
700 _a Arunachal Agastya
_9460531
942 _hV2:191'P, Q3
_cTEXL
_2CC
999 _c773690
_d773690